| 000 | 00441nam a2200181Ia 4500 | ||
|---|---|---|---|
| 008 | 210210b1928 xxu||||| |||| 00| 0 eng d | ||
| 041 | _aeng | ||
| 082 | _a942/104 | ||
| 100 | _aHEARNSHAW (F J C) | ||
| 245 | _aBritish prime ministers 1700-1800 | ||
| 260 |
_aLondon _bErnest Benn Limited _c1928 |
||
| 650 | _aprime | ||
| 650 | _aministers | ||
| 650 | _aBritish | ||
| 650 | _a1700-1800 | ||
| 690 | _aEuropean History | ||
| 906 | _a025512 | ||
| 999 |
_c151392 _d151392 |
||